total drama island revenge of the island boys - Statistics

General Stats
  • This quiz has been taken 292 times
  • The average score is 5 of 7
Answer Stats
Hint Answer % Correct
farts a lot owen
88%
punk duncan
84%
guitar trent
83%
party boy geoff
82%
characters mike
50%
vomits in episode 19 cody
42%
dum justin
39%
No matching quizzes found
Score Distribution
Percent of People with Each Score
Percentile by Number Answered
Your Score History
You have not taken this quiz